00319nam a2200133Ia 4500008004100000020001800041082001600059100002000075245003900095250000800134260002700142300000800169650000800177191201s2008 xx 000 0 und d a9788177582970 a004.21bHOM aHOFFER, Jeffrey 0aModern Systems Analysis and Design a3rd aN.DelhibPearsonc2008 a614 aMCA